header

Photosynthesis (Record no. 166354)

MARC details
000 -LEADER
fixed length control field 01405nam a2200361 a 4500
082 04 - DEWEY DECIMAL CLASSIFICATION NUMBER
Classification number 660.6
245 00 - TITLE STATEMENT
Title Photosynthesis
260 ## - PUBLICATION, DISTRIBUTION, ETC. (IMPRINT)
Place of publication New York :
Name of publisher Nova Science Publishers, Inc.,
Year of publication c2009.
300 ## - PHYSICAL DESCRIPTION
Number of Pages xi, 255 p. :
Other physical details ill.
650 #0 - SUBJECT ADDED ENTRY--TOPICAL TERM
Topical Term Photosynthesis.
Topical Term Energy transfer.
Topical Term Biotechnology.
Topical Term Nanotechnology.
700 1# - ADDED ENTRY--PERSONAL NAME
Personal name Buchner, Thomas B.
Personal name Ewingen, Nicolas H.
856 40 - ELECTRONIC LOCATION AND ACCESS
Uniform Resource Identifier http://site.ebrary.com/lib/rucke/Doc?id=10676535

No items available.

© 2026 Rongo University
Contact us: librarian | system librarian | Rongo university